000 00396nam a22001457a 4500
020 _a9788126148851
082 _a621.381 SIN
100 _aSingh, Arun Kumar
245 _aApplied electronics
260 _aNew Delhi, India
_bAnmol Publicaitons Pvt. Ltd.
_c2012
300 _aviii, 296 p.
_bill. ;
500 _aIncludes index.
650 _a1. Electronic circuits. 2. Electronics.
942 _cBK
999 _c12481
_d12481